[Event "SCO-ch 125th"]
[Site "Paisley"]
[Date "2018.07.09"]
[Round "3"]
[White "Zamvar, Vipin"]
[Black "Dunn, Alan Stephan"]
[Result "0-1"]
[WhiteElo "1658"]
[BlackElo "2003"]
[PlyCount "44"]
[EventDate "2018.07.07"]
[EventType "swiss"]
[EventRounds "9"]
[EventCountry "SCO"]
[SourceTitle "CBM 185 Extra"]
[Source "ChessBase"]
[SourceDate "2018.07.29"]
[SourceVersion "1"]
[SourceVersionDate "2018.07.29"]
[SourceQuality "1"]

1. e4 c5 2. Nf3 d6 3. d4 cxd4 4. Nxd4 Nf6 5. Nc3 a6 6. Be2 e6 7. Bg5 Be7 8. 0-0 b5 9. f4 b4 10. Bxf6 Bxf6 11. Na4 Bd7 12. c3 Qa5 13. b3 bxc3 14. Rf3 Bxa4 15. bxa4 Qc5 16. e5 dxe5 17. fxe5 Bxe5 18. Qb3 Bxd4+ 19. Kh1 0-0 20. Bd3 g6 21. Raf1 Nc6 22. Bc2 Rab8 0-1

[Event "SCO-ch 125th"]
[Site "Paisley"]
[Date "2018.07.08"]
[Round "2"]
[White "Dunn, Alan Stephan"]
[Black "Grant, Jonathan"]
[Result "0-1"]
[WhiteElo "2003"]
[BlackElo "2213"]
[PlyCount "92"]
[EventDate "2018.07.07"]
[EventType "swiss"]
[EventRounds "9"]
[EventCountry "SCO"]
[SourceTitle "CBM 185 Extra"]
[Source "ChessBase"]
[SourceDate "2018.07.29"]
[SourceVersion "1"]
[SourceVersionDate "2018.07.29"]
[SourceQuality "1"]

1. e4 c6 2. d4 d5 3. e5 Bf5 4. h4 h5 5. Bd3 Bxd3 6. Qxd3 e6 7. Bg5 Qa5+ 8. Nd2 Qa6 9. c4 Bb4 10. b3 c5 11. Ngf3 Nc6 12. dxc5 dxc4 13. bxc4 Nge7 14. Bxe7 Nxe7 15. 0-0 Rd8 16. Qc2 Bxc5 17. Ne4 Qc6 18. Nfg5 Nf5 19. Nxc5 Qxc5 20. Qa4+ Qc6 21. Qxc6+ bxc6 22. Rfb1 0-0 23. Rb7 Rd4 24. g3 a5 25. Ra7 Rxc4 26. Rxa5 Nd4 27. Kg2 c5 28. Re1 Rc2 29. a4 Nc6 30. Rb5 Nb4 31. Rd1 Nd5 32. Re1 c4 33. a5 Ra2 34. Rc5 c3 35. Nf3 Ra8 36. Ng1 R8xa5 37. Rc4 R5a4 38. Rxa4 Rxa4 39. Rc1 Rc4 40. Kf3 Nb4 41. Ke3 c2 42. Kd2 Rd4+ 43. Kc3 Na2+ 44. Kxd4 Nxc1 45. Kc3 Nd3 46. Kxc2 Nxf2 0-1

[Event "Basingstoke 4NCL Spring Bank op-A 1st"]
[Site "Basingstoke"]
[Date "2018.05.26"]
[Round "2"]
[White "Dunn, Alan Stephan"]
[Black "Golding, Alex"]
[Result "0-1"]
[WhiteElo "2028"]
[BlackElo "2224"]
[PlyCount "60"]
[EventDate "2018.05.25"]
[EventType "swiss"]
[EventRounds "7"]
[EventCountry "ENG"]
[SourceTitle "CBM 184 Extra"]
[Source "ChessBase"]
[SourceDate "2018.06.28"]
[SourceVersion "1"]
[SourceVersionDate "2018.06.28"]
[SourceQuality "1"]

1. d4 Nf6 2. Bf4 g6 3. Nc3 d5 4. Qd2 Bg7 5. e3 0-0 6. Be2 b6 7. h4 c5 8. h5 Nc6 9. hxg6 fxg6 10. Nf3 Bb7 11. 0-0-0 e6 12. Ne5 Nd7 13. Bg4 Ndxe5 14. Bxe6+ Nf7 15. Nxd5 Nxd4 16. Bc7 Qe8 17. Bd6 Qxe6 18. Ne7+ Kh8 19. Nxg6+ Qxg6 20. Bxf8 Rxf8 21. exd4 cxd4 22. f3 Bh6 23. f4 Bg7 24. Kb1 Nd6 25. Rhg1 Be4 26. g4 Nc4 27. Qf2 Qd6 28. Qe2 Qb4 29. b3 Bxc2+ 30. Kxc2 Qc3+ 0-1

[Event "Basel Hilton op 14th"]
[Site "Basel"]
[Date "2012.01.02"]
[Round "3"]
[White "Dunn, Alan Stephan"]
[Black "Sand, Rolf"]
[Result "1-0"]
[WhiteElo "2135"]
[BlackElo "2000"]
[PlyCount "69"]
[EventDate "2012.01.01"]
[EventType "swiss"]
[EventRounds "7"]
[EventCountry "SUI"]
[SourceTitle "CBM 146 Extra"]
[Source "ChessBase"]
[SourceDate "2012.02.29"]
[SourceVersion "1"]
[SourceVersionDate "2012.02.29"]
[SourceQuality "1"]

1. e4 c5 2. Nf3 d6 3. d4 cxd4 4. Nxd4 Nf6 5. Nc3 a6 6. Be3 e5 7. Nb3 Be6 8. f3 Be7 9. Qd2 0-0 10. 0-0-0 Nbd7 11. g4 b5 12. Kb1 Nb6 13. Qf2 Nfd7 14. h4 Qc7 15. g5 Nc4 16. Bc1 Rac8 17. Bxc4 Bxc4 18. h5 b4 19. Nd5 Bxd5 20. exd5 a5 21. Rhg1 a4 22. Na1 Nb6 23. f4 exf4 24. Qxf4 Nc4 25. Rgf1 Rb8 26. h6 Ne5 27. hxg7 Kxg7 28. Rh1 Rh8 29. Be3 Qc4 30. Bd4 Qxd5 31. Rhe1 Qc6 32. Bxe5+ dxe5 33. Qxe5+ Kg6 34. Qxe7 Rhe8 35. Rd6+ 1-0

[Event "Basel Hilton op 14th"]
[Site "Basel"]
[Date "2012.01.01"]
[Round "1"]
[White "Dunn, Alan Stephan"]
[Black "Nikolov, Momchil"]
[Result "1/2-1/2"]
[WhiteElo "2135"]
[BlackElo "2560"]
[PlyCount "49"]
[EventDate "2012.01.01"]
[EventType "swiss"]
[EventRounds "7"]
[EventCountry "SUI"]
[SourceTitle "CBM 146 Extra"]
[Source "ChessBase"]
[SourceDate "2012.02.29"]
[SourceVersion "1"]
[SourceVersionDate "2012.02.29"]
[SourceQuality "1"]

1. e4 c5 2. Nf3 e6 3. d4 cxd4 4. Nxd4 a6 5. a3 Nf6 6. Nc3 Qc7 7. Bd3 b5 8. 0-0 Bb7 9. Kh1 d6 10. f4 Nbd7 11. Qe1 Be7 12. Nb3 0-0 13. Rf3 Rfe8 14. Rh3 e5 15. Qg3 Rac8 16. f5 Bf8 17. Bg5 d5 18. Nd2 d4 19. Nd1 Qc6 20. Nf2 Nc5 21. Bxf6 Nxd3 22. Ng4 Nf4 23. Nh6+ Kh8 24. Nxf7+ Kg8 25. Nh6+ 1/2-1/2

[Event "Maastricht Limburg op"]
[Site "Maastricht"]
[Date "2007.05.28"]
[Round "6"]
[White "L'Ami, Erwin"]
[Black "Dunn, Alan Stephan"]
[Result "1-0"]
[WhiteElo "2617"]
[BlackElo "2164"]
[PlyCount "113"]
[EventDate "2007.05.25"]
[EventType "swiss"]
[EventRounds "7"]
[EventCountry "NED"]
[SourceTitle "CBM 118 Extra"]
[Source "ChessBase"]
[SourceDate "2007.07.04"]
[SourceVersion "1"]
[SourceVersionDate "2007.07.04"]
[SourceQuality "1"]

1. e4 c5 2. Nf3 d6 3. d4 cxd4 4. Nxd4 Nf6 5. Nc3 a6 6. g3 b5 7. Bg2 e5 8. Nb3 Bb7 9. a4 b4 10. Nd5 Nxd5 11. exd5 a5 12. 0-0 Be7 13. Bd2 Na6 14. c3 Rb8 15. cxb4 Nxb4 16. Bxb4 axb4 17. a5 Ba6 18. Re1 0-0 19. Bf1 Bxf1 20. Rxf1 f5 21. Qe2 Qd7 22. Nd2 Bg5 23. Nc4 f4 24. Qh5 Bd8 25. a6 Rf6 26. Rfe1 Qb5 27. b3 fxg3 28. hxg3 Bb6 29. Nxb6 Qxb6 30. Qe2 Ra8 31. Rec1 Qd4 32. Rd1 Qb6 33. Rd2 Rf7 34. Rc2 Rc7 35. Rxc7 Qxc7 36. Qe3 Qc5 37. Qxc5 dxc5 38. Kf1 h5 39. Ke2 c4 40. bxc4 b3 41. Kd3 b2 42. Rb1 Rxa6 43. Rxb2 Kf7 44. Ke4 Kf6 45. Rb8 Ra4 46. Rb6+ Ke7 47. Rc6 Ra2 48. Kf3 e4+ 49. Ke3 Kd7 50. c5 Rc2 51. Kxe4 Rxf2 52. Rg6 Re2+ 53. Kd3 Re7 54. c6+ Kc8 55. d6 Re1 56. Kd4 Rd1+ 57. Ke5 1-0

[Event "Southend op-A"]
[Site "Southend"]
[Date "2006.04.16"]
[Round "6"]
[White "Giles, Benjamin"]
[Black "Dunn, Alan Stephan"]
[Result "1/2-1/2"]
[WhiteElo "2046"]
[BlackElo "2109"]
[PlyCount "51"]
[EventDate "2006.04.14"]
[EventType "swiss"]
[EventRounds "7"]
[EventCountry "ENG"]
[SourceTitle "EXT 2007"]
[Source "ChessBase"]
[SourceDate "2006.11.23"]
[SourceVersion "1"]
[SourceVersionDate "2006.11.23"]
[SourceQuality "1"]

1. d4 Nf6 2. c4 g6 3. Nc3 Bg7 4. e4 d6 5. f4 0-0 6. Nf3 c5 7. d5 e6 8. Be2 exd5 9. cxd5 Bg4 10. h3 Bxf3 11. Bxf3 Nbd7 12. 0-0 Re8 13. a4 Rc8 14. Be3 a6 15. Qe2 c4 16. Qf2 Qa5 17. Rae1 Re7 18. Kh1 Nc5 19. Bxc5 Qxc5 20. Qxc5 Rxc5 21. e5 Ne8 22. Ne4 Rc8 23. Nxd6 Nxd6 24. exd6 Rxe1 25. Rxe1 Rd8 26. Re7 1/2-1/2

[Event "Southend op-A"]
[Site "Southend"]
[Date "2006.04.15"]
[Round "4"]
[White "Dunn, Alan Stephan"]
[Black "Parmar, Amisha"]
[Result "1/2-1/2"]
[WhiteElo "2109"]
[BlackElo "1956"]
[PlyCount "107"]
[EventDate "2006.04.14"]
[EventType "swiss"]
[EventRounds "7"]
[EventCountry "ENG"]
[SourceTitle "EXT 2007"]
[Source "ChessBase"]
[SourceDate "2006.11.23"]
[SourceVersion "1"]
[SourceVersionDate "2006.11.23"]
[SourceQuality "1"]

1. e4 c5 2. Nf3 d6 3. d4 cxd4 4. Nxd4 Nf6 5. Nc3 g6 6. f3 Bg7 7. Be3 0-0 8. Bc4 Nc6 9. Qd2 Bd7 10. 0-0-0 Rb8 11. Kb1 Na5 12. Be2 b5 13. Ndxb5 Bxb5 14. Nxb5 a6 15. Nd4 Qc7 16. Nb3 Nc4 17. Bxc4 Qxc4 18. Bh6 Rfc8 19. Bxg7 Kxg7 20. Rhe1 Rb5 21. Re3 Rcb8 22. Rc3 Qe6 23. Rc7 d5 24. a4 Rxb3 25. cxb3 dxe4 26. Rc3 exf3 27. Rxf3 Rxb3 28. Rxb3 Qxb3 29. Qc2 Qe3 30. Qd3 Qf4 31. Qxa6 Qe4+ 32. Ka2 Nd5 33. Qb5 Nb4+ 34. Kb3 Qc2+ 35. Kxb4 Qxd1 36. Qe5+ Kg8 37. a5 Qd2+ 38. Kb5 Qd3+ 39. Kb6 Qd8+ 40. Kb7 Qd7+ 41. Qc7 Qd5+ 42. Ka7 Qd4+ 43. Qb6 Qd7+ 44. Qb7 Qd4+ 45. Ka8 Kg7 46. a6 Qd8+ 47. Ka7 e5 48. b4 Qd4+ 49. Qb6 Qd7+ 50. Kb8 Qe8+ 51. Kc7 Qe7+ 52. Kc6 Qf6+ 53. Kb7 Qe7+ 54. Kc6 1/2-1/2

[Event "Gibraltar Challengers-B"]
[Site "Gibraltar"]
[Date "2006.02.02"]
[Round "5"]
[White "Jamieson, Ian M"]
[Black "Dunn, Alan Stephan"]
[Result "1/2-1/2"]
[WhiteElo "2005"]
[BlackElo "2076"]
[PlyCount "111"]
[EventDate "2006.01.29"]
[EventType "swiss"]
[EventRounds "5"]
[EventCountry "ENG"]
[SourceTitle "EXT 2007"]
[Source "ChessBase"]
[SourceDate "2006.11.23"]
[SourceVersion "1"]
[SourceVersionDate "2006.11.23"]
[SourceQuality "1"]

1. b3 e5 2. Bb2 d6 3. d4 e4 4. d5 Nf6 5. e3 c6 6. c4 Be7 7. Nc3 0-0 8. Nge2 Bg4 9. h3 Bh5 10. g4 Bg6 11. Nf4 cxd5 12. Ncxd5 Nc6 13. Be2 Re8 14. Qd2 Nxd5 15. Nxd5 Bf8 16. h4 f6 17. 0-0-0 Bf7 18. g5 f5 19. h5 Ne5 20. Rdg1 Kh8 21. Nf4 Be6 22. h6 g6 23. Nxe6 Rxe6 24. f4 exf3 25. Bxf3 Qc7 26. Bd5 Ree8 27. e4 fxe4 28. Rf1 Be7 29. Rf7 Rf8 30. Rhf1 Rxf7 31. Rxf7 Qd7 32. Rxe7 Qxe7 33. Bxe4 Rf8 34. Bd4 b6 35. Kb2 Rf1 36. Qg2 Rf4 37. Bc3 Kg8 38. Bd5+ Kf8 39. Bd2 Rg4 40. Qf2+ Ke8 41. Qe3 Kd8 42. a4 Qf8 43. a5 Kc7 44. axb6+ axb6 45. Ka3 Qf1 46. Qc3 Rg3 47. Qb2 Nxc4+ 48. Bxc4 Qxc4 49. Ka2 Qa6+ 50. Kb1 Rg1+ 51. Bc1 Kb8 52. Qd4 Qf1 53. Qxd6+ Ka7 54. Qd7+ Kb8 55. Qd8+ Ka7 56. Qd7+ 1/2-1/2

[Event "Gibraltar Masters"]
[Site "Gibraltar"]
[Date "2006.02.01"]
[Round "9"]
[White "Bakker, Sven"]
[Black "Dunn, Alan Stephan"]
[Result "0-1"]
[WhiteElo "2308"]
[BlackElo "2076"]
[PlyCount "53"]
[EventDate "2006.01.24"]
[EventType "swiss"]
[EventRounds "10"]
[EventCountry "ENG"]
[SourceTitle "CBM 110 Extra"]
[Source "ChessBase"]
[SourceDate "2006.03.10"]
[SourceVersion "2"]
[SourceVersionDate "2006.03.10"]
[SourceQuality "1"]

1. d4 Nf6 2. c4 g6 3. Nc3 Bg7 4. e4 d6 5. f3 0-0 6. Be3 c5 7. Nge2 Qa5 8. Qd2 Nc6 9. d5 Ne5 10. Nc1 Nfd7 11. Qc2 Nb6 12. Nb3 Qa6 13. Nb5 Qa4 14. Na3 f5 15. Be2 fxe4 16. fxe4 Bg4 17. h3 Bxe2 18. Qxe2 Nexc4 19. Nxc4 Nxc4 20. Bc1 Qb4+ 21. Kd1 Rf7 22. Bd2 Nxd2 23. Qxd2 Qxe4 24. Re1 Qh4 25. Nc1 Raf8 26. Nd3 c4 27. Nb4 0-1

[Event "Gibraltar Challengers-B"]
[Site "Gibraltar"]
[Date "2006.01.30"]
[Round "2"]
[White "Dunn, Alan Stephan"]
[Black "Hamer, Martyn"]
[Result "0-1"]
[WhiteElo "2076"]
[BlackElo "2000"]
[PlyCount "98"]
[EventDate "2006.01.29"]
[EventType "swiss"]
[EventRounds "5"]
[EventCountry "ENG"]
[SourceTitle "EXT 2007"]
[Source "ChessBase"]
[SourceDate "2006.11.23"]
[SourceVersion "1"]
[SourceVersionDate "2006.11.23"]
[SourceQuality "1"]

1. e4 e5 2. Nf3 f5 3. Nc3 fxe4 4. Nxe5 Qf6 5. d4 exd3 6. Nxd3 c6 7. Bf4 d5 8. Qd2 Be7 9. 0-0-0 Bf5 10. Re1 Nd7 11. Bg5 Qf7 12. Qe3 Ngf6 13. f3 Kd8 14. g4 Bxd3 15. Bxd3 Re8 16. Qd2 h6 17. Bf4 Bb4 18. Bg3 g5 19. Bf5 Rxe1+ 20. Rxe1 Ba5 21. h4 Qg7 22. Re6 Bc7 23. Qh2 Bxg3 24. Qxg3 gxh4 25. Qd6 Ne8 26. Qh2 Nf8 27. Re1 Qf6 28. Ne2 Nd6 29. Bd3 Kd7 30. Rh1 Re8 31. Qxh4 Qxf3 32. Qxh6 Qxg4 33. Rg1 Qe6 34. Qh2 Kc8 35. a3 Nd7 36. Nf4 Qe5 37. Qh6 Qe3+ 38. Kb1 Qxg1+ 39. Ka2 Ne4 40. Qh7 Qg8 41. Qh1 Nf2 42. Qf1 Nxd3 43. Nxd3 Qe6 44. Qf2 Kb8 45. Qf4+ Ka8 46. Qc7 Qe7 47. Qa5 b6 48. Qa4 Kb7 49. b4 Ne5 0-1

[Event "Gibraltar Masters"]
[Site "Gibraltar"]
[Date "2006.01.29"]
[Round "6"]
[White "Gomes, Mary Ann"]
[Black "Dunn, Alan Stephan"]
[Result "1-0"]
[WhiteElo "2231"]
[BlackElo "2076"]
[PlyCount "67"]
[EventDate "2006.01.24"]
[EventType "swiss"]
[EventRounds "10"]
[EventCountry "ENG"]
[SourceTitle "CBM 110 Extra"]
[Source "ChessBase"]
[SourceDate "2006.03.10"]
[SourceVersion "2"]
[SourceVersionDate "2006.03.10"]
[SourceQuality "1"]

1. Nf3 c5 2. c4 Nc6 3. g3 g6 4. Bg2 Bg7 5. Nc3 d6 6. 0-0 Nf6 7. d4 cxd4 8. Nxd4 Bd7 9. Nc2 0-0 10. b3 a6 11. Bb2 Rb8 12. a4 Qb6 13. Ne3 Nb4 14. a5 Qc5 15. Na4 Qh5 16. Bc3 Nc6 17. Qc2 Bh3 18. b4 Ne5 19. Bxe5 dxe5 20. Nc3 e6 21. Rfd1 Bxg2 22. Kxg2 Bh6 23. Nf1 Rbc8 24. c5 Qg4 25. e4 Nh5 26. Ne2 Nf4+ 27. Nxf4 exf4 28. f3 Qg5 29. Rd7 fxg3 30. hxg3 Rb8 31. Rad1 Bg7 32. f4 Qg4 33. Ne3 Qh5 34. Rh1 1-0

[Event "Gibraltar Challengers-B"]
[Site "Gibraltar"]
[Date "2006.01.29"]
[Round "1"]
[White "Kuenitz, Klaus"]
[Black "Dunn, Alan Stephan"]
[Result "1/2-1/2"]
[WhiteElo "1901"]
[BlackElo "2076"]
[PlyCount "81"]
[EventDate "2006.01.29"]
[EventType "swiss"]
[EventRounds "5"]
[EventCountry "ENG"]
[SourceTitle "EXT 2007"]
[Source "ChessBase"]
[SourceDate "2006.11.23"]
[SourceVersion "1"]
[SourceVersionDate "2006.11.23"]
[SourceQuality "1"]

1. d4 Nf6 2. c4 g6 3. Nc3 Bg7 4. Nf3 0-0 5. Bf4 d6 6. e3 Nh5 7. Bg5 h6 8. Bh4 g5 9. Nd2 gxh4 10. Qxh5 e5 11. dxe5 dxe5 12. Nf3 Nc6 13. Rd1 Qe7 14. Nd5 Qc5 15. Qxh4 Nb4 16. Qe7 Qxe7 17. Nxe7+ Kh8 18. Nxc8 Rfxc8 19. a3 e4 20. Nd4 Nc6 21. Nxc6 bxc6 22. Rb1 Rab8 23. b3 Rd8 24. f3 Bc3+ 25. Kf2 Rd2+ 26. Be2 exf3 27. gxf3 Rb2 28. Rhd1 R8xb3 29. Rxb2 Bxb2 30. Rd7 Bxa3 31. Rxc7 Bc5 32. Rxc6 Bxe3+ 33. Kg3 Kg7 34. Ra6 f5 35. Bf1 Rc3 36. h4 Rc1 37. Bd3 Rg1+ 38. Kh2 f4 39. h5 Rg5 40. Rg6+ Rxg6 41. Bxg6 1/2-1/2

[Event "BCF-chT4 0304 (4NCL)"]
[Site "West Bromwich "]
[Date "2004.01.24"]
[Round "3.2"]
[White "Osborne, David C"]
[Black "Dunn, Alan Stephan"]
[Result "0-1"]
[WhiteElo "1864"]
[BlackElo "2095"]
[PlyCount "105"]
[EventDate "2003.10.??"]
[EventType "team"]
[EventRounds "11"]
[EventCountry "ENG"]
[SourceTitle "EXT 2005"]
[Source "ChessBase"]
[SourceDate "2004.11.15"]
[SourceVersion "1"]
[SourceVersionDate "2004.11.15"]
[SourceQuality "1"]
[WhiteTeam "Grendel's Mother"]
[BlackTeam "Metropolitan"]
[WhiteTeamCountry "ENG"]
[BlackTeamCountry "ENG"]

1. e4 c5 2. Nc3 g6 3. g3 Bg7 4. Bg2 e6 5. d3 Ne7 6. Be3 b6 7. Qd2 Nbc6 8. Bh6 Bxh6 9. Qxh6 Bb7 10. Nf3 Rf8 11. 0-0 d6 12. Rad1 Nd4 13. Nxd4 cxd4 14. Ne2 e5 15. c3 dxc3 16. Nxc3 Nc6 17. f4 Nd4 18. fxe5 dxe5 19. Nd5 Bxd5 20. exd5 Qd6 21. Qh4 Nf5 22. Qa4+ Qd7 23. Qe4 f6 24. d4 Nd6 25. Qe2 Qe7 26. Bh3 e4 27. Be6 f5 28. Rc1 Rf6 29. Rc6 Rxe6 30. dxe6 Qxe6 31. Rfc1 Qd5 32. Qe3 Rd8 33. Rc7 Rd7 34. Rxd7 Kxd7 35. Qc3 Ke6 36. b3 g5 37. Qe3 Kf6 38. a4 h6 39. h4 Kg6 40. Rc7 a6 41. hxg5 hxg5 42. Kh2 Ne8 43. Rc8 Nf6 44. Qc3 e3 45. Qc4 Qxc4 46. Rxc4 f4 47. Kg2 Kf5 48. gxf4 gxf4 49. Rc6 Ne4 50. Kf3 Nd2+ 51. Ke2 Ke4 52. Rxb6 f3+ 53. Kd1 0-1